| 000 | 00937nam a22001817a 4500 | ||
|---|---|---|---|
| 005 | 20240814175151.0 | ||
| 008 | s2533 th tha d | ||
| 041 | _atha | ||
| 245 | 1 | 0 | _aรายงานการสัมมนาเรื่อง การปรับปรุงประมวลกฎหมายวิธีพิจารณาความอาญาเพื่อคุ้มครองสิทธิเสรีภาพของประชาชน |
| 260 | 3 |
_aกรุงเทพฯ : _bสำนักงานคณะกรรมการวิจัยแห่งชาติ, _c2533 |
|
| 300 |
_a197 หน้า ; _b 29 ซม. |
||
| 650 | 0 | 4 | _aกฎหมายวิธีพิจารณาความอาญา -- สัมมนา |
| 850 | _aNALT | ||
| 942 |
_cLB _01 |
||
| 997 | _c000000000019917 | ||
| 998 |
_aBENJALUCK SUTTHIWILAI _j25 _k นีลวัสน์ อินทรักษา |
||
| 999 |
_c19917 _d19917 |
||
| 090 | _aKT41 ค123ร 2533 | ||